书目信息 |
| 题名: |
中国历代幽默笑话今译
|
|
| 作者: | 章琼 主编 | |
| 分册: | ||
| 出版信息: | 北京 中央民族学院出版社 1998.05 |
|
| 页数: | 431页 | |
| 开本: | 32开 | |
| 丛书名: | ||
| 单 册: | ||
| 中图分类: | I276.8 | |
| 科图分类: | ||
| 主题词: | 民间文学--中国 | |
| 电子资源: | ||
| ISBN: | 7-81001-522-2 | |
| 000 | 00575nam0 2200193 45 | |
| 001 | 0008041059 | |
| 005 | 20000804104927.3 | |
| 010 | @a7-81001-522-2@d19.00元 | |
| 100 | @a20000804d1998 km y0chiy0120 ea | |
| 101 | 0 | @achi |
| 105 | @a z 000yy | |
| 200 | 1 | @a中国历代幽默笑话今译@AZhong Guo Li Dai You Mo Xiao Hua Jin Yi@f章琼主编@FZhang Qiong Zhu Bian |
| 210 | @a北京@c中央民族学院出版社@d1998.05 | |
| 215 | @a431页@d32开 | |
| 606 | 0 | @a民间文学@x中国 |
| 690 | @aI276.8@v3 | |
| 701 | 0 | @a章琼@4主编 |
| 801 | @aCN@bPftUser@c20000804 | |
| 905 | @b86143-147@dI276.8@eZH.562@f5 | |
| 中国历代幽默笑话今译/章琼主编.-北京:中央民族学院出版社,1998.05 |
| 431页;32开 |
| ISBN 7-81001-522-2:19.00元 |
| ● |
| 相关链接 |
|
|
|
正题名:中国历代幽默笑话今译
索取号:I276.8/ZH.562
 
预约/预借
| 序号 | 登录号 | 条形码 | 馆藏地/架位号 | 状态 | 备注 |
| 1 | 86143 | 200861433 | 文学库116/ [索取号:I276.8/ZH.562] | 在馆 | |
| 2 | 86144 | 200861442 | 文学库116/ [索取号:I276.8/ZH.562] | 在馆 | |
| 3 | 86145 | 200861451 | 社科二线400B/400B社科库 21排4列6层/ [索取号:I276.8/ZH.562] | 在馆 | |
| 4 | 86146 | 200861460 | 文学库116/ [索取号:I276.8/ZH.562] | 在馆 | |
| 5 | 86147 | 200861479 | 社科二线400B/400B社科库 17排4列6层/ [索取号:I276.8/ZH.562] | 在馆 |